<?xml version="1.0" encoding="UTF-8"?>
<marc:record xmlns:marc="http://www.loc.gov/MARC21/slim">
   <marc:leader>00000nam a2200000 a 4500</marc:leader>
   <marc:datafield ind1=" " ind2=" " tag="653">
      <marc:subfield code="a">James</marc:subfield>
   </marc:datafield>
   <marc:datafield ind1=" " ind2=" " tag="653">
      <marc:subfield code="a">Cassette</marc:subfield>
   </marc:datafield>
   <marc:datafield ind1=" " ind2=" " tag="653">
      <marc:subfield code="a">Erzählungen</marc:subfield>
   </marc:datafield>
   <marc:datafield ind1=" " ind2=" " tag="653">
      <marc:subfield code="a">CD</marc:subfield>
   </marc:datafield>
   <marc:datafield ind1="0" ind2="0" tag="245">
      <marc:subfield code="a">Der Doktor und das liebe Vieh</marc:subfield>
   </marc:datafield>
   <marc:datafield ind1="0" ind2="0" tag="245">
      <marc:subfield code="c">James Herriot. Sprecher: Frank Arnold. Regie: Rudolf Würth</marc:subfield>
   </marc:datafield>
   <marc:datafield ind1=" " ind2="1" tag="264">
      <marc:subfield code="a">Freiburg, Br.</marc:subfield>
      <marc:subfield code="b">Audiobuch</marc:subfield>
   </marc:datafield>
   <marc:datafield ind1="1" ind2=" " tag="520">
      <marc:subfield code="a">Angaben aus der Verlagsmeldung

Der Doktor und das liebe Vieh : Ankunft in Darrowby &amp; Tricky Woo's Party / von James Herriot

Der BBC-Klassiker als Hörbuch

Yorkshire Dales, England, 1937. Weites, wildes und unberührtes Land. In dieser scheinbaren Idylle sammelt der Tierarzt James Herriot seine ersten Erfahrungen mit Tier und Mensch. Zwischen kalbenden Kühen bei störrischen Bauern winkt ein Schlückchen Sherry bei dem Frauchen des kleinen, überfütterten Pekinesen Tricki Woo? – Aber gerne doch!
Liebevoll und mit viel Humor schildert er die kleineren und größeren Kuriositäten des ländlichen Alltags.
Schon 1974 wurde der erste Band unter dem Titel All Creatures Great and Small mit Anthony Hopkins als kauzig-liebenswürdigem Tierarzt Dr. Siegfried Farnon verfilmt. Vor allem aber die beliebte Fernsehserie der BBC aus den 80er Jahren, die bis heute immer wieder ausgestrahlt wird, machte das Buch berühmt.

James Herriot alias James Alf Wight wurde am 3.10.1916 in Sunderland, England geboren. 1933-1939 studierte er am Glasgow Veterinary College Tiermedizin. In einer schwierigen Zeit fand er 1940 eine Assistentenstelle auf dem Land, in Thirsk, wo er später heiratete und die Praxis übernahm. 1966 begann er seine Erlebnisse aufzuzeichnen. Während es ihm anfangs nicht gelang seine Bücher zu verkaufen, erzielte er 1972 einen großen Erfolg in Amerika, was zu diversen Verfilmungen und der Produktion der BBC-Fernsehserie führte. James Herriot starb 1995, nachdem seine Kinder die Praxis übernommen hatten.
</marc:subfield>
   </marc:datafield>
   <marc:datafield ind1=" " ind2=" " tag="020">
      <marc:subfield code="a">9783899641875</marc:subfield>
      <marc:subfield code="9">9783899641875</marc:subfield>
   </marc:datafield>
   <marc:datafield ind1=" " ind2=" " tag="020">
      <marc:subfield code="a">3899641876</marc:subfield>
      <marc:subfield code="9">3899641876</marc:subfield>
   </marc:datafield>
   <marc:datafield ind1=" " ind2=" " tag="041">
      <marc:subfield code="a">ger</marc:subfield>
   </marc:datafield>
   <marc:datafield ind1=" " ind2=" " tag="300">
      <marc:subfield code="a">4 CDs</marc:subfield>
   </marc:datafield>
</marc:record>
